| 000 | 00628nam a22002297a 4500 | ||
|---|---|---|---|
| 003 | FEu | ||
| 005 | 20150828152105.0 | ||
| 008 | 130226t xxu||||| |||| 00| 0 eng d | ||
| 020 | _a9789715847629 | ||
| 050 |
_aRM 217 _b.C371 2008 |
||
| 100 | _aCaudal, Maria Lourdes C. | ||
| 245 |
_aBasic nutrition and diet therapy : _blaboratory manual for nursing students / _cCaudal, Maria Lourdes C. |
||
| 250 | _arev. ed. | ||
| 260 |
_aQuezon City : _bC & E Pub., _c2008. |
||
| 300 |
_a94 pages : _c26 cm. |
||
| 562 | _e1 | ||
| 942 |
_2lcc _cBK _kLOC |
||
| 999 |
_c16256 _d16256 |
||